Rozprávky veľkej rodiny

Bibliographic Details
Main Authors: ova (Author), Šimulčíková, Jana, 1937-2025 (Author)
Format: Article
Language:Slovak
Subjects:

MARC

LEADER 00000nab a2200000 a 4500
001 vtls000326701
003 SK-MaSNL
005 20260305003212.0
008 160215c1988 xo 0 slo
015 |a SNBRB19rr/mm-uuuuu 
035 |a CL0326823 
040 |a SNKBUCL  |b slo  |c SNKBUCL  |e AACR2 
041 0 |a slo 
044 |a xo  |c SK 
080 |a 82.09:885.4-3(087.5)(048)  |2 1981 
080 |a 885.4-3(087.5)(048)  |2 1981 
100 1 |a ova  |4 aut  |9 840179 
245 1 0 |a Rozprávky veľkej rodiny  |c ova 
650 0 7 |a príbehy o deťoch  |2 snkbucl  |9 383556 
655 7 |a články z novín a časopisov  |2 snkbucl  |9 267496 
655 7 |a články z odboru literárna veda a krásna literatúra  |2 snkbucl  |9 770045 
700 1 |a Šimulčíková, Jana,  |d 1937-2025  |4 aut  |9 190254 
773 0 |t Nové knihy  |g Č. 15 (1988), s. 7 
787 0 8 |i Rec.:  |a Šimulčíková, Jana  |t Ružový program pre sestričku  |d Bratislava : Mladé letá, 1987 
850 |a Slovenská národná knižnica v Martine  |a MTA001 
852 |a SNK  |b KIS3GCP 
958 |a BX 
958 |a RK 
958 |a LX 
992 |a RBX 
999 |c 3229016  |d 3230946